000 00653nam a2200229 a 4500
001 10136
003 BD-RjUL
005 20211208234911.0
008 981020r19141906enk 000 0 eng d
035 _a(BD-RjUL)10183
040 _aBD-RjUL
_beng
_cBD-RjUL
041 _aeng
082 _223
_a297
_bSYI 1914
100 1 _aSyed, Ameer Ali
_9221790
245 1 0 _aIslâm /
_cby Ameer Ali Syed
260 _aLondon :
_bArchibald Constable & Co.,
_c1906 [Reprinted 1914]
300 _aviii, 78 p. ;
_c18 cm.
490 _aReligions ancient and modern.
650 0 _aIslam.
_9221788
830 0 _aReligions ancient and modern.
_9221791
942 _2ddc
_cRAR
999 _c10136
_d10136